[Event "Robecchetto op-C 24th"]
[Site "Robecchetto"]
[Date "2013.12.29"]
[Round "5"]
[White "Sacchi, Luca"]
[Black "Rossi, Enrico"]
[Result "0-1"]
[WhiteElo "1332"]
[BlackElo "1373"]
[PlyCount "130"]
[EventDate "2013.12.27"]
[EventType "swiss"]
[EventRounds "6"]
[EventCountry "ITA"]
[SourceTitle "EXT 2023"]
[Source "ChessBase"]
[SourceDate "2022.10.05"]
[SourceVersion "1"]
[SourceVersionDate "2022.10.05"]
[SourceQuality "1"]

1. e4 e5 2. Nf3 Nc6 3. Bc4 d6 4. c3 Bg4 5. d3 Na5 6. Bb5+ c6 7. Ba4 b5 8. Bc2 Nf6 9. Nbd2 Be7 10. Nf1 0-0 11. Ng3 Qb6 12. Be3 Qb7 13. b4 Nc4 14. dxc4 bxc4 15. h3 Be6 16. a3 Rad8 17. 0-0 Rfe8 18. Ng5 h6 19. Nxe6 fxe6 20. Nh5 d5 21. Nxf6+ Bxf6 22. Qh5 d4 23. cxd4 exd4 24. Bf4 Qf7 25. Qxf7+ Kxf7 26. e5 Be7 27. Rad1 d3 28. Bxd3 Rxd3 29. Rxd3 cxd3 30. Rd1 Rd8 31. Kf1 Rd4 32. Be3 Rd7 33. Ke1 Kg6 34. Kd2 Kf5 35. f4 Ke4 36. Rc1 Rc7 37. Rc4+ Kf5 38. Kxd3 Rd7+ 39. Rd4 Rc7 40. g4+ Kg6 41. Bf2 Rb7 42. Be1 a5 43. h4 c5 44. h5+ Kf7 45. bxc5 Bxc5 46. Ra4 Rb3+ 47. Bc3 Rxa3 48. Rxa3 Bxa3 49. Bxa5 Bc1 50. Ke4 Bb2 51. f5 Ba1 52. Bb6 Bc3 53. Bd4 Bb4 54. Kd3 Be7 55. f6 gxf6 56. exf6 Bxf6 57. Bxf6 Kxf6 58. Ke3 Kg5 59. Kf3 e5 60. Kg3 e4 61. Kf2 Kxg4 62. Ke3 Kxh5 63. Kxe4 Kg4 64. Ke3 Kg3 65. Ke2 Kg2 0-1

[Event "Robecchetto op-C 24th"]
[Site "Robecchetto"]
[Date "2013.12.28"]
[Round "2"]
[White "Orlandi, Paolo"]
[Black "Rossi, Enrico"]
[Result "1-0"]
[WhiteElo "1659"]
[BlackElo "1373"]
[PlyCount "131"]
[EventDate "2013.12.27"]
[EventType "swiss"]
[EventRounds "6"]
[EventCountry "ITA"]
[SourceTitle "EXT 2023"]
[Source "ChessBase"]
[SourceDate "2022.10.05"]
[SourceVersion "1"]
[SourceVersionDate "2022.10.05"]
[SourceQuality "1"]

1. e4 e5 2. d4 exd4 3. Qxd4 Nc6 4. Qe3 d6 5. Nc3 Nf6 6. Bd2 g6 7. 0-0-0 Bg7 8. f4 Bg4 9. Nf3 0-0 10. h3 Be6 11. g4 d5 12. exd5 Nxd5 13. Qe1 Re8 14. Qg3 Qc8 15. Nxd5 Bxd5 16. Rg1 Qe6 17. Ng5 Qd6 18. Kb1 a5 19. Bg2 Bxg2 20. Qxg2 Qc5 21. f5 Qb5 22. c3 Re2 23. Qf3 Rae8 24. fxg6 fxg6 25. Bc1 Rf8 26. Qd3 Qxd3+ 27. Rxd3 Rff2 28. Rf3 Rh2 29. Rd1 h6 30. Nf7 Re7 31. Nxh6+ Kh7 32. Nf7 a4 33. Nd8 Nxd8 34. Rxd8 Rh1 35. Kc2 Rh2+ 36. Kd3 Rh1 37. Be3 Rd1+ 38. Bd2 Bh6 39. Rf2 c5 40. Kc4 Bxd2 41. Rfxd2 Rh1 42. R8d3 b6 43. Kb5 Rb7 44. Kxa4 Ra7+ 45. Kb5 Rxa2 46. Kxb6 c4 47. Re3 Rb1 48. Ree2 Rba1 49. Kc5 Ra4 50. Rg2 Kh6 51. h4 Rh1 52. Rh2 Rg1 53. g5+ Kh5 54. Rd4 Rf1 55. Kb5 Ra8 56. Kxc4 Rc8+ 57. Kd3 Rg1 58. Re2 Rh1 59. Ree4 Rh3+ 60. Kc2 Rb8 61. b4 Rh2+ 62. Kb3 Rh3 63. Re7 Rh8 64. b5 Rxh4 65. Rxh4+ Kxh4 66. Re5 1-0

[Event "Robecchetto op-C 24th"]
[Site "Robecchetto"]
[Date "2013.12.28"]
[Round "3"]
[White "Rossi, Enrico"]
[Black "Posapiano, Giacomo"]
[Result "0-1"]
[WhiteElo "1373"]
[BlackElo "1598"]
[PlyCount "78"]
[EventDate "2013.12.27"]
[EventType "swiss"]
[EventRounds "6"]
[EventCountry "ITA"]
[SourceTitle "EXT 2023"]
[Source "ChessBase"]
[SourceDate "2022.10.05"]
[SourceVersion "1"]
[SourceVersionDate "2022.10.05"]
[SourceQuality "1"]

1. d4 Nf6 2. c4 g6 3. Nc3 Bg7 4. e4 d6 5. Nf3 0-0 6. g3 c5 7. d5 Qa5 8. Bd2 Qb6 9. Qc2 Bg4 10. Bg2 Nbd7 11. 0-0 Bxf3 12. Bxf3 Ne5 13. Be2 Qc7 14. f4 Ned7 15. f5 Ne5 16. Qc1 a6 17. b3 Qd7 18. Rb1 Rab8 19. Na4 b5 20. Nc3 b4 21. Nd1 Nxe4 22. Bh6 gxf5 23. Bh5 e6 24. Qf4 Ng6 25. Bxg6 fxg6 26. dxe6 Qxe6 27. Rc1 Qf6 28. Bxg7 Kxg7 29. Kg2 Rbe8 30. Rc2 Re6 31. Re2 Qd4 32. Rfe1 Ref6 33. Qf3 a5 34. Re3 Qd2+ 35. R3e2 Qg5 36. Nf2 Nc3 37. Re7+ R6f7 38. Qc6 Rxe7 39. Rxe7+ Qxe7 0-1

[Event "Robecchetto Autunn op 10th"]
[Site "Robecchetto"]
[Date "2013.10.10"]
[Round "2"]
[White "Rossi, Enrico"]
[Black "Puricelli, Roberto"]
[Result "1/2-1/2"]
[WhiteElo "1319"]
[BlackElo "1489"]
[PlyCount "141"]
[EventDate "2013.10.03"]
[EventType "swiss"]
[EventRounds "7"]
[EventCountry "ITA"]
[SourceTitle "EXT 2015"]
[Source "ChessBase"]
[SourceDate "2014.11.20"]
[SourceVersion "1"]
[SourceVersionDate "2014.11.20"]
[SourceQuality "1"]

1. d4 e6 2. c4 d5 3. e3 c5 4. cxd5 Qxd5 5. Nc3 Qd8 6. Bb5+ Bd7 7. dxc5 Bxc5 8. Nf3 Nf6 9. Ne5 0-0 10. 0-0 a6 11. Nxd7 Nbxd7 12. Bxd7 Qxd7 13. Qc2 Rfc8 14. Rd1 Qc6 15. Bd2 b5 16. a3 Qb7 17. Rac1 b4 18. Qb3 a5 19. Na4 Bf8 20. axb4 Rxc1 21. Rxc1 Bxb4 22. Rc4 Rb8 23. Bxb4 axb4 24. Nc5 Qa7 25. Nd3 h6 26. h3 Nd5 27. e4 Nf6 28. Rxb4 Rxb4 29. Qxb4 Qa8 30. f3 Qa7+ 31. Qc5 Qa1+ 32. Kh2 Qb1 33. Qc4 Kh7 34. b4 Nd7 35. Qb5 Nf6 36. Ne5 Qc1 37. Nd3 Qc7+ 38. Kh1 Qc3 39. Qa6 Nh5 40. Kh2 Qc7+ 41. e5 Nf6 42. Qd6 Nd5 43. Qxc7 Nxc7 44. Kg3 Nd5 45. b5 Kg8 46. Nf4 Nb6 47. Kf2 Kf8 48. Ke3 Ke7 49. Kd4 Kd7 50. Kc5 Kc7 51. Nd3 Nd7+ 52. Kb4 Kb6 53. f4 f6 54. g4 fxe5 55. fxe5 g5 56. Ka4 Nf8 57. Nb2 Nd7 58. Nc4+ Kc5 59. Na5 Nb6+ 60. Ka3 Kxb5 61. Nb3 Nc4+ 62. Ka2 Nxe5 63. Nd4+ Kc4 64. Nxe6 Nd3 65. Ng7 Nf2 66. Nf5 Kd5 67. Nxh6 Ke6 68. Nf5 Nxh3 69. Kb2 Ke5 70. Kc2 Kf4 71. Nh6 1/2-1/2

[Event "Robecchetto Autunn op 10th"]
[Site "Robecchetto"]
[Date "2013.10.03"]
[Round "1"]
[White "Macchiettini, Pierangelo"]
[Black "Rossi, Enrico"]
[Result "1-0"]
[WhiteElo "1703"]
[BlackElo "1319"]
[PlyCount "75"]
[EventDate "2013.10.03"]
[EventType "swiss"]
[EventRounds "7"]
[EventCountry "ITA"]
[SourceTitle "EXT 2015"]
[Source "ChessBase"]
[SourceDate "2014.11.20"]
[SourceVersion "1"]
[SourceVersionDate "2014.11.20"]
[SourceQuality "1"]

1. d4 d5 2. Nf3 e6 3. c4 Bb4+ 4. Bd2 Qe7 5. Nc3 dxc4 6. e3 Bxc3 7. Bxc3 b5 8. a3 Bb7 9. Be2 Nf6 10. 0-0 0-0 11. Bb4 Qd7 12. Bxf8 Kxf8 13. Qd2 Nc6 14. a4 Ba6 15. axb5 Bxb5 16. Qc2 Nb4 17. Qc3 Nd3 18. Bxd3 cxd3 19. Ne5 Qd5 20. f3 c6 21. Rfd1 a6 22. Nxd3 Qf5 23. Ne5 Nd5 24. Qc5+ Kg8 25. e4 Qf4 26. exd5 exd5 27. Qc1 Qh4 28. Qc3 Re8 29. Re1 Re6 30. Ng4 Be2 31. Qd2 h5 32. Rxe2 hxg4 33. Rxe6 fxe6 34. fxg4 Qxg4 35. Qe3 Qf5 36. Re1 Qc2 37. Qxe6+ Kh8 38. Qe8+ 1-0

[Event "Robecchetto Spring op 10th"]
[Site "Robecchetto"]
[Date "2013.05.23"]
[Round "7"]
[White "Loaldi, Davide"]
[Black "Rossi, Enrico"]
[Result "1-0"]
[WhiteElo "1560"]
[BlackElo "1486"]
[PlyCount "63"]
[EventDate "2013.04.04"]
[EventType "swiss"]
[EventRounds "7"]
[EventCountry "ITA"]
[SourceTitle "EXT 2024"]
[Source "ChessBase"]
[SourceDate "2023.10.10"]
[SourceVersion "1"]
[SourceVersionDate "2023.10.10"]
[SourceQuality "1"]

1. d4 Nf6 2. Nf3 e6 3. e3 c5 4. b3 cxd4 5. exd4 Nc6 6. Bd3 Bb4+ 7. Nbd2 Bc3 8. Rb1 Bxd4 9. Nxd4 Nxd4 10. 0-0 b6 11. Nc4 Qc7 12. Ba3 Nb5 13. Bb2 Bb7 14. a4 Qc6 15. f3 Nc7 16. Ba3 0-0-0 17. Nd6+ Kb8 18. Nxf7 Nfd5 19. Nxd8 Rxd8 20. Qe1 Nf6 21. c4 Na6 22. a5 Nc5 23. Bxc5 Qxc5+ 24. Kh1 Qxa5 25. Qxa5 bxa5 26. Ra1 g5 27. Rxa5 g4 28. Rb5 Kc7 29. Ra5 gxf3 30. gxf3 Kb8 31. Be2 Ng4 32. h3 1-0

[Event "Robecchetto Spring op 10th"]
[Site "Robecchetto"]
[Date "2013.05.09"]
[Round "5"]
[White "Rossi, Enrico"]
[Black "Madaschi, Sergio"]
[Result "0-1"]
[WhiteElo "1486"]
[BlackElo "1497"]
[PlyCount "138"]
[EventDate "2013.04.04"]
[EventType "swiss"]
[EventRounds "7"]
[EventCountry "ITA"]
[SourceTitle "EXT 2024"]
[Source "ChessBase"]
[SourceDate "2023.10.10"]
[SourceVersion "1"]
[SourceVersionDate "2023.10.10"]
[SourceQuality "1"]

1. e4 c6 2. d4 d5 3. e5 Bf5 4. Bd3 Bxd3 5. Qxd3 e6 6. Nf3 Nd7 7. Nc3 Ne7 8. Bg5 h6 9. Bh4 Qb6 10. Rb1 Ng6 11. Bg3 Be7 12. 0-0 0-0 13. a3 c5 14. Na4 Qc6 15. Nxc5 Nxc5 16. dxc5 Bxc5 17. b4 Bb6 18. Rfc1 Rad8 19. b5 Qc5 20. Rb3 d4 21. Qe4 Qd5 22. Qxd5 Rxd5 23. c4 dxc3 24. Rbxc3 Rxb5 25. h4 h5 26. Rc4 Rd8 27. a4 Rbd5 28. Kh2 Rd3 29. Rc8 R3d5 30. Rxd8+ Rxd8 31. Rc4 Ne7 32. Ng5 Nc6 33. Re4 Rd4 34. f3 Bc7 35. f4 Rxe4 36. Nxe4 Kf8 37. Bf2 b6 38. Be3 Ke7 39. Bc1 Nd4 40. Ba3+ Ke8 41. Bd6 Bd8 42. Bb8 Nc6 43. Bd6 Kd7 44. Kg3 Be7 45. Kf3 Nd4+ 46. Ke3 Nf5+ 47. Kd3 Bxd6 48. exd6 Nxd6 49. Ng5 f6 50. Nf3 Nb7 51. Kc4 a6 52. Nd4 Kd6 53. f5 Nc5 54. fxe6 Nxe6 55. Nf5+ Ke5 56. Ne7 Kd6 57. Nf5+ Ke5 58. Ne7 Nf4 59. g3 Ne2 60. Nc6+ Kd6 61. Nb4 a5 62. Nd5 Kc6 63. Ne7+ Kb7 64. Nd5 Nxg3 65. Kb5 Nf5 66. Nf4 Nxh4 67. Nxh5 Nf5 68. Nf4 g5 69. Nd5 Nd6# 0-1

[Event "Robecchetto Spring op 10th"]
[Site "Robecchetto"]
[Date "2013.05.02"]
[Round "4"]
[White "Ruggeri, Igor"]
[Black "Rossi, Enrico"]
[Result "1/2-1/2"]
[WhiteElo "1578"]
[BlackElo "1486"]
[PlyCount "97"]
[EventDate "2013.04.04"]
[EventType "swiss"]
[EventRounds "7"]
[EventCountry "ITA"]
[SourceTitle "EXT 2024"]
[Source "ChessBase"]
[SourceDate "2023.10.10"]
[SourceVersion "1"]
[SourceVersionDate "2023.10.10"]
[SourceQuality "1"]

1. d4 d5 2. c4 e6 3. Nc3 Bb4 4. a3 Bxc3+ 5. bxc3 Nf6 6. Bg5 dxc4 7. e4 h6 8. Bxf6 Qxf6 9. Bxc4 Qg6 10. Qf3 0-0 11. Ne2 Nc6 12. Bd3 f5 13. e5 Ne7 14. Nf4 Qf7 15. Qh5 Bd7 16. Qxf7+ Rxf7 17. Bc4 Kh8 18. Nxe6 Bxe6 19. Bxe6 Rff8 20. 0-0 Ng6 21. f4 Rae8 22. d5 b5 23. Rab1 c6 24. Bd7 Re7 25. Bxc6 a6 26. a4 bxa4 27. Bxa4 Rc7 28. Bc6 Rfc8 29. Rb6 a5 30. Ra6 Ne7 31. Rb1 Nxc6 32. dxc6 a4 33. Rxa4 Rxc6 34. c4 Rxc4 35. Rxc4 Rxc4 36. Rb8+ Kh7 37. g3 Kg6 38. Rf8 Re4 39. Kf2 h5 40. h3 Rc4 41. e6 Re4 42. Re8 Kf6 43. Rf8+ Kxe6 44. Re8+ Kd5 45. Rxe4 Kxe4 46. h4 g6 47. Ke2 Kd4 48. Kf3 Kd3 49. Kf2 1/2-1/2